Globalización, cultura y diversidad: una aproximación Latinoamericana /

Kaydedildi:
Detaylı Bibliyografya
Yazar: Grompone Grille, Romeo
Kurumsal yazarlar: Consejo Latinoamericano de Ciencias Sociales, CLACSO ASDI Agencia Sueca de Desarrollo Internacional IEP Instituto de Estudios Peruanos
Diğer Yazarlar: Prof. Pajuelo Teves, Ramón César Prof. Nova Arismendi, Rafael Fernando Prof
Materyal Türü: Metin
Baskı/Yayın Bilgisi: Buenos Aires: Campo Virtual
Edisyon:0
Etiketler: Etiketle
Etiket eklenmemiş, İlk siz ekleyin!

MARC

LEADER 00000 a a2200000 04500
001 29916
003
040
090 |a 192017  |b RECURSO ELECTRONICO  
100 |a Grompone Grille, Romeo  
110 |a Consejo Latinoamericano de Ciencias Sociales  
245 |a Globalización, cultura y diversidad: una aproximación Latinoamericana /  |c Consejo Latinoamericano de Ciencias Sociales  
250 |a 0  
260 |a Buenos Aires:   |b Campo Virtual  
500 |a Datos de edición: Arjun Appadurai, La Modernidad desbordada. Dimensiones culturales de la globalización. Buenos Aires, FCE, 2001, pp. 63-79  
700 |a Prof.   |a Pajuelo Teves, Ramón César   |a Prof.   |a Nova Arismendi, Rafael Fernando   |a Prof.  
710 |a CLACSO   |a ASDI   |a Agencia Sueca de Desarrollo Internacional   |a IEP   |a Instituto de Estudios Peruanos  
999 |c 10891  |d 10891